Chạy và sức khoẻ
Những nguyên lý kỹ thuật cơ bản về chạy, phân tích nội dung khoa học của từng phương pháp chạy, hướng dẫn tổ chức, kiểm tra y học và lựa chọn những phương pháp tập luyện sao cho phù hợp với mỗi người
Kaydedildi:
| Yazar: | |
|---|---|
| Diğer Yazarlar: | , , |
| Materyal Türü: | Kitap |
| Dil: | Vietnamese |
| Baskı/Yayın Bilgisi: |
H.
Thể dục thể thao
1978
|
| Konular: | |
| Etiketler: |
Etiketle
Etiket eklenmemiş, İlk siz ekleyin!
|
| Thư viện lưu trữ: | Mạng thư viện Đại học Đà Nẵng |
|---|
| LEADER | 01621nam a22004338a 4500 | ||
|---|---|---|---|
| 001 | 000009539 | ||
| 003 | 5736 | ||
| 005 | 20111117081105.0 | ||
| 008 | 111028s1978 b 000 0 od | ||
| 020 | |c 4500đ |d 8100b | ||
| 041 | 0 | |a dịch liên xô | |
| 041 | 0 | |a vie | |
| 082 | |a 613.7 |b TE-I | ||
| 084 | |a U |b CH000ạ | ||
| 100 | 1 | |a Temkin, I.B. | |
| 245 | 1 | 0 | |a Chạy và sức khoẻ |c I.B. Temkin, N.M.Makeva ; Dịch: Đào Duy Thư |
| 260 | |a H. |b Thể dục thể thao |c 1978 | ||
| 300 | |a 93tr : minh hoạ |c 19cm | ||
| 500 | |a Dịch từ tiếng Nga | ||
| 520 | |a Những nguyên lý kỹ thuật cơ bản về chạy, phân tích nội dung khoa học của từng phương pháp chạy, hướng dẫn tổ chức, kiểm tra y học và lựa chọn những phương pháp tập luyện sao cho phù hợp với mỗi người | ||
| 653 | |a Liên Xô | ||
| 653 | |a sức khoẻ | ||
| 653 | |a Chạy | ||
| 653 | |a Văn học hiện đại | ||
| 653 | |a thể dục thể thao | ||
| 700 | 1 | |a Makeva, N.N. |e Tác giả | |
| 700 | 1 | |a Đào Duy Thư |e Dịch | |
| 700 | 1 | |a Đoàn Thao |e Dịch | |
| 910 | |a Nguyễn Thị Kim Oanh |d 28/10/2011 | ||
| OWN | |a LSP | ||
| AVA | |a UDN50 |b LSP |d 613.7 TE-I |e available |t Error 5001 Not defined in file expand_doc_bib_avail. |f 2 |g 1 |h N |i 0 |k 1 | ||
| 999 | |a From the UDN01 | ||
| AVA | |a UDN50 |b LSP |d 613.7 TE-I |e available |t Error 5001 Not defined in file expand_doc_bib_avail. |f 2 |g 1 |h N |i 0 |k 1 | ||
| TYP | |a Monograph | ||
| TYP | |a Printed language | ||
| 980 | |a Mạng thư viện Đại học Đà Nẵng | ||